000 00903cam a2200229 4500
001 WB3738-08
008 011009n2001 000 0 eng u
035 _a(Sirsi) u115057
245 _aProperty Dispute Avoidance Roadshow
260 _c2001
490 _aRICS Press Release
_v(pr120) 8 October 2001, (2)
520 _aThe RICS Dispute Avoidance Roadshow starts on 18 October with 11 events planned by the Dispute Resolution Faculty across England and Wales. The seminars are open to RICS members and other property and legal professionals, and cover areas such as conflict management and negotiation skills. Details of locations and events.
590 _aWB
650 _aCONFLICT MANAGEMENT
650 _aDISPUTE RESOLUTION
_96236
650 _aPROFESSIONAL NEGOTIATION
650 _aFACULTIES
650 _aRICS
650 _aCPD
690 _aDispute resolution
_96236
942 _n0
999 _c68534
_d68534